[Event "SVK-chT2C 2223"]
[Site "Slovakia"]
[Date "2023.03.25"]
[Round "10.3"]
[White "Saga, Vladimir"]
[Black "Buchnicek, Petr"]
[Result "0-1"]
[WhiteElo "2018"]
[BlackElo "2234"]
[PlyCount "88"]
[EventDate "2022.10.08"]
[EventType "team-tourn"]
[EventRounds "11"]
[EventCountry "SVK"]
[SourceTitle "EXT 2024"]
[Source "ChessBase"]
[SourceDate "2023.10.10"]
[SourceVersion "1"]
[SourceVersionDate "2023.10.10"]
[SourceQuality "1"]
[WhiteTeam "Cadca Caissa II"]
[BlackTeam "Ondrasova Krivan"]
[WhiteTeamCountry "SVK"]
[BlackTeamCountry "SVK"]

1. d4 f5 2. Nf3 Nf6 3. c4 e6 4. Nc3 d5 5. Bg5 c6 6. cxd5 exd5 7. Bxf6 Qxf6 8. e3 Bd6 9. g3 0-0 10. Bd3 Nd7 11. Qc2 b6 12. Nh4 g6 13. f4 Qe7 14. Ng2 Nf6 15. 0-0 Bd7 16. Rae1 Ne4 17. Nh4 Rac8 18. Nf3 Be6 19. Ba6 Rc7 20. Ne5 Nxc3 21. bxc3 Bxe5 22. fxe5 b5 23. a4 Rb8 24. Rb1 Bd7 25. Qb3 Qe6 26. e4 dxe4 27. axb5 cxb5 28. Qxe6+ Bxe6 29. Rxb5 Rxb5 30. Bxb5 Rxc3 31. Ra1 e3 32. Bf1 g5 33. Rd1 Bb3 34. Rb1 Bd5 35. Bg2 Bxg2 36. Kxg2 Rd3 37. Rb8+ Kf7 38. Rd8 Ke7 39. Rd6 Rd2+ 40. Kf3 f4 41. gxf4 gxf4 42. Ra6 Rf2+ 43. Ke4 e2 44. Rxa7+ Kd8 0-1

[Event "SVK-chT2C 2223"]
[Site "Slovakia"]
[Date "2022.11.27"]
[Round "6.4"]
[White "Bucek, Eduard"]
[Black "Saga, Vladimir"]
[Result "1-0"]
[WhiteElo "1959"]
[BlackElo "1993"]
[PlyCount "71"]
[EventDate "2022.10.08"]
[EventType "team-tourn"]
[EventRounds "11"]
[EventCountry "SVK"]
[SourceTitle "EXT 2024"]
[Source "ChessBase"]
[SourceDate "2023.10.10"]
[SourceVersion "1"]
[SourceVersionDate "2023.10.10"]
[SourceQuality "1"]
[WhiteTeam "Zilina Mladost III"]
[BlackTeam "Cadca Caissa II"]
[WhiteTeamCountry "SVK"]
[BlackTeamCountry "SVK"]

1. e4 c5 2. b3 Nc6 3. Bb2 e5 4. Nf3 d6 5. Bb5 Bd7 6. Nc3 Nf6 7. d3 g6 8. Qd2 h5 9. Bxc6 Bxc6 10. Ne2 Bh6 11. Qc3 a5 12. Nxe5 Bxe4 13. dxe4 Nxe4 14. Qc4 dxe5 15. Qxe4 Qd2+ 16. Kf1 0-0-0 17. Bc3 Qd5 18. f3 Qxe4 19. fxe4 Be3 20. g3 h4 21. Kg2 f5 22. exf5 gxf5 23. Rad1 h3+ 24. Kf3 Bd4 25. Bxa5 Rde8 26. c3 e4+ 27. Kf4 Bg7 28. Ke3 Re6 29. c4 Ra6 30. Bc3 Bh6+ 31. Nf4 Rg8 32. Rd2 Rag6 33. Be5 Re8 34. Rd5 b6 35. Rhd1 Reg8 36. Kf2 1-0

[Event "SVK-chT1E 2122"]
[Site "Slovakia"]
[Date "2022.05.15"]
[Round "11.5"]
[White "Saga, Vladimir"]
[Black "Kratochvil, Karel"]
[Result "1/2-1/2"]
[WhiteElo "2027"]
[BlackElo "2140"]
[PlyCount "94"]
[EventDate "2022.01.29"]
[EventType "team-tourn"]
[EventRounds "11"]
[EventCountry "SVK"]
[SourceTitle "EXT 2024"]
[Source "ChessBase"]
[SourceDate "2023.10.10"]
[SourceVersion "1"]
[SourceVersionDate "2023.10.10"]
[SourceQuality "1"]
[WhiteTeam "Cadca"]
[BlackTeam "Presov Tatran Dason"]
[WhiteTeamCountry "SVK"]
[BlackTeamCountry "SVK"]

1. d4 c5 2. Nf3 cxd4 3. Nxd4 g6 4. g3 Bg7 5. Bg2 Nc6 6. c3 Qb6 7. Nb3 Nf6 8. e4 d6 9. Be3 Qc7 10. Na3 a6 11. Nc4 Nd7 12. Ncd2 b5 13. Rc1 Nde5 14. Qc2 Ng4 15. Nf1 Nce5 16. h3 Nxe3 17. Nxe3 Bb7 18. 0-0 0-0 19. Qe2 Rfc8 20. Rfd1 Qb6 21. Kh2 Rab8 22. Nd2 Rc7 23. Rc2 Rbc8 24. f4 Nd7 25. Nb3 Nf6 26. Qd3 h5 27. Re2 Bh6 28. Rf1 a5 29. e5 dxe5 30. fxe5 Bxg2 31. Nxg2 Ne8 32. e6 f5 33. Nh4 Qd6 34. Qxd6 Nxd6 35. Nxg6 Kg7 36. Nh4 Kf6 37. Nd4 Rc5 38. Nhxf5 Nxf5 39. Ref2 Be3 40. Rxf5+ Kg6 41. Rxc5 Rxc5 42. Nf3 b4 43. cxb4 axb4 44. Nh4+ Kg5 45. Ng2 Rc2 46. Rf3 Bc5 47. Rb3 Bd6 1/2-1/2

[Event "SVK-chT2C 2122"]
[Site "Slovakia"]
[Date "2022.02.05"]
[Round "3.2"]
[White "Papanetz, Peter"]
[Black "Saga, Vladimir"]
[Result "1-0"]
[WhiteElo "2140"]
[BlackElo "2023"]
[PlyCount "31"]
[EventDate "2021.10.16"]
[EventType "team-tourn"]
[EventRounds "11"]
[EventCountry "SVK"]
[SourceTitle "EXT 2023"]
[Source "ChessBase"]
[SourceDate "2022.10.05"]
[SourceVersion "1"]
[SourceVersionDate "2022.10.05"]
[SourceQuality "1"]
[WhiteTeam "Filakovo"]
[BlackTeam "Kysucke Nove Mesto"]
[WhiteTeamCountry "SVK"]
[BlackTeamCountry "SVK"]

1. e4 c5 2. c3 e5 3. Bc4 Nf6 4. d3 Be7 5. Nf3 Nc6 6. Bg5 d6 7. Nbd2 a6 8. a4 Qc7 9. h3 Bd7 10. Nf1 Be6 11. Ne3 0-0 12. 0-0 Bxc4 13. Nxc4 h6 14. Bxf6 Bxf6 15. Ne3 Bd8 16. Nd5 1-0

[Event "SVK-chT1E 1920"]
[Site "Slovakia"]
[Date "2020.01.25"]
[Round "7.6"]
[White "Hanko, Pavol"]
[Black "Saga, Vladimir"]
[Result "1-0"]
[WhiteElo "2120"]
[BlackElo "2073"]
[PlyCount "138"]
[EventDate "2019.10.12"]
[EventType "team-tourn"]
[EventRounds "11"]
[EventCountry "SVK"]
[SourceTitle "CBM 194 Extra"]
[Source "ChessBase"]
[SourceDate "2020.03.31"]
[SourceVersion "1"]
[SourceVersionDate "2020.03.31"]
[SourceQuality "1"]
[WhiteTeam "Dunajov Inbest II"]
[BlackTeam "Cadca"]
[WhiteTeamCountry "SVK"]
[BlackTeamCountry "SVK"]

1. d4 d5 2. Nf3 Nf6 3. c4 e6 4. Bg5 Be7 5. e3 Nbd7 6. Nc3 0-0 7. Rc1 a6 8. cxd5 exd5 9. Bd3 c6 10. 0-0 h6 11. Bh4 Ne4 12. Bxe7 Qxe7 13. Nd2 f5 14. Qe2 Nd6 15. f3 Re8 16. e4 Nb6 17. e5 Nb5 18. Qf2 Be6 19. f4 Nd7 20. Nf3 Rf8 21. a4 Nxc3 22. Rxc3 Qb4 23. Qc2 c5 24. Rb3 Qxa4 25. Rxb7 Qc6 26. Rb3 c4 27. Ra3 Qb6 28. Be2 Rfc8 29. Rb1 a5 30. Qc3 Qb4 31. Rba1 Rcb8 32. R1a2 a4 33. Kf2 Ra7 34. Bd1 Qxc3 35. bxc3 Nb6 36. Rb2 Bd7 37. Rb4 Bc6 38. Nh4 Bd7 39. Bc2 g5 40. fxg5 hxg5 41. Nxf5 Be6 42. Nd6 Raa8 43. Ke3 Kf8 44. Rb1 Ke7 45. h3 Bd7 46. Nf5+ Kd8 47. Ng3 Kc7 48. Nh5 Rh8 49. Nf6 Bc6 50. Bd1 Nd7 51. Ng4 Rhb8 52. Rba1 Ra7 53. R1a2 Rba8 54. Rf2 Rf8 55. Rfa2 Rb8 56. g3 Rf8 57. h4 gxh4 58. gxh4 Raa8 59. h5 Rf1 60. Bxa4 Raf8 61. Bxc6 Kxc6 62. Ra6+ Kb7 63. Nf6 Nxf6 64. Rxf6 R8xf6 65. exf6 Rxf6 66. Rh2 Rf8 67. h6 Kc6 68. h7 Rh8 69. Kf4 Kb5 1-0

[Event "SVK-chT2C 1819"]
[Site "Slovakia"]
[Date "2019.04.06"]
[Round "10.5"]
[White "Saga, Vladimir"]
[Black "Klein, Peter"]
[Result "1/2-1/2"]
[WhiteElo "2047"]
[BlackElo "2009"]
[PlyCount "26"]
[EventDate "2018.10.13"]
[EventType "team-tourn"]
[EventRounds "11"]
[EventCountry "SVK"]
[SourceTitle "EXT 2020"]
[Source "ChessBase"]
[SourceDate "2019.10.17"]
[SourceVersion "1"]
[SourceVersionDate "2019.10.17"]
[SourceQuality "1"]
[WhiteTeam "Cadca Caissa"]
[BlackTeam "Filakovo"]
[WhiteTeamCountry "SVK"]
[BlackTeamCountry "SVK"]

1. d4 Nf6 2. Nf3 e6 3. c4 d5 4. Nc3 c6 5. e3 Nbd7 6. Bd3 Bd6 7. e4 dxe4 8. Nxe4 Nxe4 9. Bxe4 Nf6 10. Bc2 Bb4+ 11. Bd2 Qa5 12. 0-0 Bxd2 13. Nxd2 0-0 1/2-1/2

[Event "SVK-chT2C 1718"]
[Site "Slovakia"]
[Date "2018.03.17"]
[Round "10.4"]
[White "Minich, Miroslav"]
[Black "Saga, Vladimir"]
[Result "1/2-1/2"]
[WhiteElo "1930"]
[BlackElo "2009"]
[PlyCount "25"]
[EventDate "2017.10.28"]
[EventType "team-tourn"]
[EventRounds "11"]
[EventCountry "SVK"]
[SourceTitle "EXT 2020"]
[Source "ChessBase"]
[SourceDate "2019.10.17"]
[SourceVersion "1"]
[SourceVersionDate "2019.10.17"]
[SourceQuality "1"]
[WhiteTeam "Zvolen Slavia"]
[BlackTeam "Dunajov Inbest II"]
[WhiteTeamCountry "SVK"]
[BlackTeamCountry "SVK"]

1. c3 e5 2. e3 Nf6 3. Qc2 d5 4. d4 Nbd7 5. Nf3 Bd6 6. dxe5 Nxe5 7. Nbd2 c6 8. Nxe5 Bxe5 9. Nf3 Bc7 10. h3 h6 11. b3 Bd7 12. Ba3 Be6 13. Nd4 1/2-1/2

[Event "SVK-chT2C 1718"]
[Site "Slovakia"]
[Date "2018.02.24"]
[Round "8.3"]
[White "Saga, Vladimir"]
[Black "Bartek, Ladislav"]
[Result "1-0"]
[WhiteElo "2009"]
[BlackElo "2017"]
[PlyCount "74"]
[EventDate "2017.10.28"]
[EventType "team-tourn"]
[EventRounds "11"]
[EventCountry "SVK"]
[SourceTitle "EXT 2019"]
[Source "ChessBase"]
[SourceDate "2018.10.10"]
[SourceVersion "1"]
[SourceVersionDate "2018.10.10"]
[SourceQuality "1"]
[WhiteTeam "Dunajov Inbest II"]
[BlackTeam "Ondrasova Krivan"]
[WhiteTeamCountry "SVK"]
[BlackTeamCountry "SVK"]

1. d4 Nf6 2. c4 g6 3. Nc3 Bg7 4. e4 d6 5. Bd3 0-0 6. Nge2 e5 7. d5 a5 8. 0-0 Na6 9. Bg5 Nc5 10. Bc2 h6 11. Bd2 Ne8 12. Qc1 h5 13. Bg5 f6 14. Be3 f5 15. exf5 gxf5 16. f3 f4 17. Bf2 h4 18. h3 Qg5 19. Kh2 Bf5 20. Bxf5 Rxf5 21. Bxc5 dxc5 22. Ne4 Qe7 23. Qe1 Nd6 24. Nxd6 cxd6 25. Nc3 Rg5 26. Ne4 Rg6 27. Qd2 Bh6 28. Nf2 e4 29. Nxe4 Bg7 30. Rae1 Bd4 31. Nf2 Qg7 32. Ng4 Bxb2 33. Re2 Be5 34. Rb1 Kh7 35. Qe1 Bf6 36. Nxf6+ Qxf6 37. Rxb7+ Kh6 1-0

[Event "SVK-chT2C 1718"]
[Site "Slovakia"]
[Date "2017.11.26"]
[Round "4.4"]
[White "Holeczy, Martin"]
[Black "Saga, Vladimir"]
[Result "0-1"]
[WhiteElo "2007"]
[BlackElo "2009"]
[PlyCount "92"]
[EventDate "2017.10.28"]
[EventType "team-tourn"]
[EventRounds "11"]
[EventCountry "SVK"]
[SourceTitle "CBM 181 Extra"]
[Source "ChessBase"]
[SourceDate "2017.12.12"]
[SourceVersion "1"]
[SourceVersionDate "2017.12.12"]
[SourceQuality "1"]
[WhiteTeam "Banska Bystrica Veza"]
[BlackTeam "Dunajov Inbest II"]
[WhiteTeamCountry "SVK"]
[BlackTeamCountry "SVK"]

1. d4 d5 2. c4 c6 3. e3 Nf6 4. Nf3 e6 5. Nc3 Nbd7 6. Qc2 Bb4 7. Bd3 Qe7 8. 0-0 0-0 9. e4 dxe4 10. Nxe4 h6 11. a3 Ba5 12. b4 Bc7 13. Bb2 Nxe4 14. Bxe4 Nf6 15. Bd3 b6 16. Qe2 Bb7 17. Rab1 Rfe8 18. Rfe1 a5 19. Bc3 axb4 20. axb4 Ra3 21. Bb2 Raa8 22. Qd2 Rad8 23. Qc3 b5 24. d5 bxc4 25. dxc6 Rxd3 26. Qxc4 Rxf3 27. gxf3 Bc8 28. b5 Nd5 29. Be5 Ba5 30. Re4 Qg5+ 31. Bg3 Nc3 32. Rg4 Qd5 33. Qxd5 exd5 34. Ra1 Bxg4 35. fxg4 Bd8 36. Ra8 Kf8 37. Bd6+ Be7 38. Bxe7+ Kxe7 39. Ra7+ Kd6 40. Rd7+ Kc5 41. c7 Nxb5 42. Rxf7 d4 43. Re7 Rg8 44. Rd7 Rc8 45. Rxg7 Rxc7 46. Rg8 d3 0-1

[Event "SVK-chT2C 1718"]
[Site "Slovakia"]
[Date "2017.11.25"]
[Round "3.3"]
[White "Lukac, Roman"]
[Black "Saga, Vladimir"]
[Result "1/2-1/2"]
[WhiteElo "2068"]
[BlackElo "2009"]
[PlyCount "28"]
[EventDate "2017.10.28"]
[EventType "team-tourn"]
[EventRounds "11"]
[EventCountry "SVK"]
[SourceTitle "CBM 181 Extra"]
[Source "ChessBase"]
[SourceDate "2017.12.12"]
[SourceVersion "1"]
[SourceVersionDate "2017.12.12"]
[SourceQuality "1"]
[WhiteTeam "Banska Bystrica Kurta"]
[BlackTeam "Dunajov Inbest II"]
[WhiteTeamCountry "SVK"]
[BlackTeamCountry "SVK"]

1. e4 c5 2. Nf3 Nc6 3. Nc3 g6 4. d4 cxd4 5. Nxd4 Bg7 6. Be3 Nf6 7. Bc4 Qc7 8. Bb3 0-0 9. h3 a6 10. 0-0 b5 11. Nxc6 dxc6 12. Bc5 a5 13. a3 Re8 14. f4 Ba6 1/2-1/2

[Event "SVK-chT2C 1617"]
[Site "Slovakia"]
[Date "2017.02.12"]
[Round "9.5"]
[White "Saga, Vladimir"]
[Black "Jakubec, Boris"]
[Result "1/2-1/2"]
[WhiteElo "1970"]
[BlackElo "1917"]
[PlyCount "36"]
[EventDate "2016.10.08"]
[EventType "team-tourn"]
[EventRounds "11"]
[EventCountry "SVK"]
[SourceTitle "EXT 2018"]
[Source "ChessBase"]
[SourceDate "2017.10.13"]
[SourceVersion "1"]
[SourceVersionDate "2017.10.13"]
[SourceQuality "1"]
[WhiteTeam "Dunajov Inbest II"]
[BlackTeam "Podbrezova ZP Sport"]
[WhiteTeamCountry "SVK"]
[BlackTeamCountry "SVK"]

1. d4 d5 2. Nf3 Nf6 3. g3 c5 4. c3 Nc6 5. e3 e6 6. a3 a5 7. a4 Bd6 8. Na3 0-0 9. Nb5 Be7 10. Bd3 Na7 11. Nxa7 Rxa7 12. Nd2 b6 13. Qe2 Bb7 14. 0-0 Qc7 15. b3 Ne4 16. Bb2 Nxd2 17. Qxd2 cxd4 18. cxd4 Bb4 1/2-1/2

[Event "SVK-chT2C 1516"]
[Site "Slovakia"]
[Date "2015.12.06"]
[Round "6.3"]
[White "Kantorik, Marian"]
[Black "Saga, Vladimir"]
[Result "1/2-1/2"]
[WhiteElo "2267"]
[BlackElo "2024"]
[PlyCount "69"]
[EventDate "2015.10.17"]
[EventType "team-tourn"]
[EventRounds "11"]
[EventCountry "SVK"]
[SourceTitle "CBM 169 Extra"]
[Source "ChessBase"]
[SourceDate "2015.12.18"]
[SourceVersion "1"]
[SourceVersionDate "2015.12.18"]
[SourceQuality "1"]
[WhiteTeam "Kysucke Nove Mesto"]
[BlackTeam "Dunajov Inbest II"]
[WhiteTeamCountry "SVK"]
[BlackTeamCountry "SVK"]

1. e4 c5 2. Nf3 Nc6 3. Bb5 Qb6 4. Nc3 e6 5. 0-0 Nd4 6. Bc4 Qb4 7. d3 a6 8. a4 Qa5 9. Be3 Nc6 10. Nd2 Qc7 11. f4 d6 12. Nf3 Bd7 13. f5 exf5 14. exf5 Nf6 15. Bg5 Ne7 16. Re1 Bc6 17. Bxf6 gxf6 18. Nd5 Bxd5 19. Bxd5 Bg7 20. Qe2 Kf8 21. Qe4 Nxd5 22. Qxd5 Qc6 23. Qc4 d5 24. Qf4 h5 25. Re2 Bh6 26. Qh4 d4 27. Kf1 Be3 28. Nd2 Kg7 29. Qh3 Bxd2 30. Rxd2 h4 31. Re2 Rae8 32. Rxe8 Qxe8 33. Qf3 Rg8 34. b3 Qd7 35. Kg1 1/2-1/2

[Event "SVK-chT2C 1516"]
[Site "Slovakia"]
[Date "2015.11.08"]
[Round "4.3"]
[White "Luptak, Pavol"]
[Black "Saga, Vladimir"]
[Result "1-0"]
[WhiteElo "2008"]
[BlackElo "2024"]
[PlyCount "75"]
[EventDate "2015.10.17"]
[EventType "team-tourn"]
[EventRounds "11"]
[EventCountry "SVK"]
[SourceTitle "CBM 169 Extra"]
[Source "ChessBase"]
[SourceDate "2015.12.18"]
[SourceVersion "1"]
[SourceVersionDate "2015.12.18"]
[SourceQuality "1"]
[WhiteTeam "Banska Bystrica Kurta"]
[BlackTeam "Dunajov Inbest II"]
[WhiteTeamCountry "SVK"]
[BlackTeamCountry "SVK"]

1. e4 c5 2. d4 cxd4 3. Nf3 Nc6 4. Nxd4 e5 5. Nb5 a6 6. Nd6+ Bxd6 7. Qxd6 Qe7 8. Qd2 Nf6 9. Nc3 d6 10. Be2 Nd4 11. Bd1 b5 12. Nd5 Nxd5 13. exd5 Nf5 14. 0-0 0-0 15. a4 Bd7 16. b3 Rfd8 17. Bb2 f6 18. c4 Qf7 19. axb5 axb5 20. Bc2 Ne7 21. Ra5 bxc4 22. bxc4 Bf5 23. Rfa1 Rac8 24. Ra7 Qg6 25. Rxe7 Bxc2 26. Raa7 Rxc4 27. Qa5 Rcc8 28. Rab7 Be4 29. f3 Qh6 30. Rxg7+ Kh8 31. Qa7 Bg6 32. Rgc7 Rxc7 33. Rxc7 Qd2 34. Bc3 Qxd5 35. Be1 Qe6 36. h4 d5 37. h5 Bd3 38. h6 1-0

[Event "SVK-chT2C 1415"]
[Site "Slovakia"]
[Date "2014.11.08"]
[Round "3.4"]
[White "Miciak, Maros"]
[Black "Saga, Vladimir"]
[Result "1-0"]
[WhiteElo "2087"]
[BlackElo "2014"]
[PlyCount "61"]
[EventDate "2014.10.11"]
[EventType "team-tourn"]
[EventRounds "11"]
[EventCountry "SVK"]
[SourceTitle "EXT 2016"]
[Source "ChessBase"]
[SourceDate "2015.10.08"]
[SourceVersion "1"]
[SourceVersionDate "2015.10.08"]
[SourceQuality "1"]
[WhiteTeam "Kysucke Nove Mesto"]
[BlackTeam "Dunajov II"]
[WhiteTeamCountry "SVK"]
[BlackTeamCountry "SVK"]

1. e4 c5 2. f4 e6 3. Nf3 Ne7 4. c3 d5 5. e5 Nbc6 6. Na3 g6 7. Bd3 a6 8. Bc2 b5 9. d4 Qb6 10. Be3 c4 11. Bf2 Nf5 12. g4 Ng7 13. Nb1 h5 14. Nh4 Ne7 15. a4 b4 16. a5 Qb7 17. Ba4+ Bd7 18. h3 Nc6 19. Nd2 Be7 20. Qf3 hxg4 21. hxg4 0-0-0 22. f5 gxf5 23. gxf5 Bg5 24. Rg1 Bxd2+ 25. Kxd2 bxc3+ 26. bxc3 Nxf5 27. Nxf5 exf5 28. Rgb1 Qc7 29. Qxd5 Be8 30. Qxc4 Nb8 31. Rxb8+ 1-0